| 000 | 01020nam a22002897a 4500 | ||
|---|---|---|---|
| 001 | BR8708639 | ||
| 003 | BR-BrBNA | ||
| 005 | 20230928092759.0 | ||
| 007 | ta | ||
| 008 | 230509b bl.||||| |||| 00| 0 por d | ||
| 040 |
_aBR-BrBNA _bpor _cBiblioteca Nacional de Agricultura |
||
| 041 | _a(Por) | ||
| 072 |
_aL70 _b5400 |
||
| 090 | _ 5400 BR8708639 | ||
| 100 | 1 | _aLantzman, M. | |
| 110 | 1 |
_aUniversidade de Sao Paulo, Sao Paulo (Brasil). Depto. de Cirurgia e Obstetricia _0Tese (Mestrado) _910517 |
|
| 245 | 1 | _aUtilizacao de pericardio de equino conservado em glicerina na reparacao cirurgica do duodeno de caes (Canis familiaris)estudo experimental | |
| 246 | 1 | _a[The use of equine pericardium in dogs' intestines surgery. Experimental study] | |
| 260 | 3 |
_aSao Paulo, SP (Brasil): _c1986. |
|
| 300 | _a61 p. | ||
| 500 | _aSummaries (Eng, Por); 9 illus.; Bibliography p. 42-50 (53 ref.) | ||
| 650 | _aCAO | ||
| 650 | _aCIRURGIA | ||
| 650 | _aDUODENO | ||
| 909 |
_a202309 _bLucia _c55 _dLucia Elande |
||
| 942 | _cBK | ||
| 999 |
_c41152 _d41152 |
||